18 Nisan 1999 milletvekili genel seçimleri (Record no. 8819)

MARC details
000 -BAŞLIK
Sabit Uzunlukta Kontrol Alanı 00981na a2200313 4500
001 - KONTROL NUMARASI
Denetim Alanı 20376
003 - KONTROL NUMARASI IDENTIFIER
Denetim Alanı MIRAKIL
005 - SON İŞLEM TARİHİ VE ZAMANI
Denetim Alanı 20181213155225.0
008 - SABİT-BOY VERİ ELEMANLARI - GENEL BİLGİLER
Sabit Uzunlukta Kontrol Alanı 170118b tu 000 0
020 ## - ULUSLARARASI STANDART KİTAP NUMARASI
Uluslararası Standart Kitap Numarası 9759653818
035 ## - SİSTEM KONTROL NUMARASI
Sistem Kontrol Numarası 20376
040 ## - KATALOGLAMA KAYNAK
Orijinal Kataloglama Ajansı Milas
Kataloglama Dili tur
Metne Dönüştürmek Ajansı TR-AnCHP
041 ## - DİL KODU
Metin / Ses Parça Veya Ayrı Başlığın Dil Kodu tur
082 ## - DEWEY ONLU SINIFLANDIRMA NUMARASI
Sınıflandırma Numarası 324.9 1999
Ürün Numarası K44o 1999
090 ## - SINIFLAMA NUMARASI
Sınıflama Numarası 324.9 1999 K44o 1999
100 ## - ANA GİRİŞ - KİŞİSEL İSİM
Kişisel Ad Kılıç, Muharrem
245 ## - BAŞLIK TABLOSU
Başlık 18 Nisan 1999 milletvekili genel seçimleri
Başlığın Kalan (sonuçlar ve analiz)
Sorumluluk Tablosu, Vb Muharrem Kılıç
246 ## - UNVAN FORM VARYING
Başlık Doğru / Kısa Başlığı Seçim 1999
260 ## - YAYIN, DAĞITIM, VB
Yayın, Dağıtım, Vb Yeri Ankara
Yayıncı, Dağıtıcı, Vs Adı BİLAY
Yayın, Dağıtım, Vb Tarihi 1999
300 ## - FİZİKSEL TANIM
Kapsam 70 s.
Diğer Fiziksel Ayrıntıları grf.; tbl.
Boyutlar 24 sm.
490 ## - SERİSİ TABLOSU
Seri Beyanı Araştırma Dizisi
Hacim / Ardışık Tanımı 1
650 ## - KONU KATMA GİRİŞ - TOPİKAL DÖNEM
Topikal Süreli Veya Coğrafi Ad Giriş Elemanı Seçimler
Kronolojik Alt Bölümü İstatistikler
Coğrafi Alt Bölümü Türkiye
650 ## - KONU KATMA GİRİŞ - TOPİKAL DÖNEM
Topikal Süreli Veya Coğrafi Ad Giriş Elemanı Siyasal partiler
Genel Alt Bölümü 1999-2002
Coğrafi Alt Bölümü Türkiye
650 ## - KONU KATMA GİRİŞ - TOPİKAL DÖNEM
Topikal Süreli Veya Coğrafi Ad Giriş Elemanı TBMM
Genel Alt Bölümü 21. Dönem
Kronolojik Alt Bölümü 1999-2002
651 ## - KONU KATMA GİRİŞ - COĞRAFİ ADI
Coğrafi İsim Türkiye
Genel Alt Bölümü Siyaset ve yönetim
Kronolojik Alt Bölümü 1999-2002
651 ## - KONU KATMA GİRİŞ - COĞRAFİ ADI
Coğrafi İsim Türkiye
Genel Alt Bölümü Seçimler
Kronolojik Alt Bölümü Genel seçimler, 1999
710 ## - KATMA GİRİŞ - KURUMSAL ADI
Giriş Elemanı Olarak Kurumsal Ad Veya Yargı Alanı Adı Bilgi Araştırma ve Yönetim Vakfı
942 ## - EKLENDİ GİRİŞ ELEMANLARI (KOHA)
Sınıflandırma Veya Raf Düzeni Kaynak Dewey Decimal Classification
Koha Öğesi Türü Books
999 ## - SİSTEM KONTROL NUMARALARI (KOHA)
Koha Biblionumber 8819
Koha Biblioitemnumber 8819
Holdings
Kalıcı Konum Mevcut Konum Edinme Tarihi Edinim Kaynak Toplam Check-Out'Lar Tam Çağrı Numarası Barkod Tarih Son Görülme İtibaren Geçerli Fiyatlar Koha Öğesi Türü
CHP Kütüphanesi CHP Kütüphanesi 01/18/2017 Bağış   324.9 1999 K44o 1999 012523 01/18/2017 01/18/2017 Books